Les premiers ages du métal dans le sud-est de l'Espagne (Record no. 165430)
[ view plain ]
| 000 -LEADER | |
|---|---|
| campo de control de longitud fija | 01606nam a2200313 i 4500 |
| 001 - NÚMERO DE CONTROL | |
| campo de control | 165430 |
| 003 - IDENTIFICADOR DE NÚMERO DE CONTROL | |
| campo de control | ES-MaACL |
| 005 - FECHA Y HORA DE LA ÚLTIMA TRANSACCIÓN | |
| campo de control | 20250820122235.0 |
| 008 - DATOS DE LONGITUD FIJA--INFORMACIÓN GENERAL | |
| campo de control de longitud fija | 991228s1887 be abf |||| | fre d |
| 040 ## - FUENTE DE CATALOGACIÓN | |
| Centro catalogador/agencia de origen | CCPB | B |
| Lengua de catalogación | spa |
| Centro/agencia transcriptor | CCPB | B |
| 100 1# - ENTRADA PRINCIPAL--NOMBRE DE PERSONA | |
| Nombre de persona | Siret, Henri. |
| 9 (RLIN) | 132769 |
| 245 14 - MENCIÓN DEL TÍTULO | |
| Título | Les premiers ages du métal dans le sud-est de l'Espagne |
| Resto del título | : résultats des fouilles faites par les auteurs de 1881 à 1887 / |
| Mención de responsabilidad, etc. | Henri et Louis Siret ; un volume de texte in 4º avec nombreux dessins, suivi d'une Etude ethnologique par Victor Jacques ; préface de P.J. van Beneden. |
| 260 ## - PUBLICACIÓN, DISTRIBUCIÓN, ETC. | |
| Lugar de publicación, distribución, etc. | Anvers : |
| Nombre del editor, distribuidor, etc. | [s.n.], |
| Fecha de publicación, distribución, etc. | 1887 ( |
| Lugar de fabricación/manufactura | Louvain : |
| Fabricante | Imprimerie de Charles Peeters) |
| 300 ## - DESCRIPCIÓN FÍSICA | |
| Extensión | 2 v. ; |
| Dimensiones | 34, 52 cm. |
| 500 #1 - NOTA GENERAL | |
| Nota general | En port.: "Ouvrag couronné au Concours Martorell, de Barcelone ... et ayant obtenu une médaille d'or à l'exposition universelle de Toulouse de 1887" |
| 505 8# - NOTA DE CONTENIDO CON FORMATO | |
| Nota de contenido con formato | Contiene: I. Texte (X, [2], 437 p., XXVIII h. de grab.) -- II. Album ([1] h. de map., [70] h. de grab.) |
| 510 4# - NOTA DE CITAS O REFERENCIAS BIBLIOGRÁFICAS | |
| Nombre de la fuente | Palau, |
| Localización dentro de la fuente | 314787 |
| 594 #1 - Nota al título y mención de responsabilidad | |
| Nota al título y mención de responsabilidad | En vol. II consta: "Dessins d'après nature par Louis Siret, reproduits en phototypie par W. Otto" |
| 599 ## - NOTA A LAS ILUSTRACIONES | |
| NOTA A LAS ILUSTRACIONES | Ilustraciones lit. |
| 599 ## - NOTA A LAS ILUSTRACIONES | |
| NOTA A LAS ILUSTRACIONES | Las h. de grab. son fototipias. |
| 650 #4 - PUNTO DE ACCESO ADICIONAL DE MATERIA--TÉRMINO DE MATERIA | |
| Término de materia o nombre geográfico como elemento de entrada | Edad del bronce- |
| Subdivisión geográfica | España sudoriental. |
| 9 (RLIN) | 163249 |
| 651 #4 - PUNTO DE ACCESO ADICIONAL DE MATERIA--NOMBRE GEOGRÁFICO | |
| Nombre geográfico | España sudoriental- |
| Subdivisión general | Restos arqueológicos prehistóricos. |
| 9 (RLIN) | 163250 |
| 700 11 - ENTRADA AGREGADA--NOMBRE PERSONAL | |
| Nombre de persona | Siret, Louis. |
| 9 (RLIN) | 106676 |
| 700 1# - ENTRADA AGREGADA--NOMBRE PERSONAL | |
| Nombre de persona | Jacques, Victor. |
| 9 (RLIN) | 128250 |
| 700 1# - ENTRADA AGREGADA--NOMBRE PERSONAL | |
| Nombre de persona | Van Beneden, Pierre Joseph, |
| Fechas asociadas al nombre | 1809-1894 |
| 9 (RLIN) | 147524 |
| 700 1# - ENTRADA AGREGADA--NOMBRE PERSONAL | |
| Nombre de persona | Otto, W. |
| 9 (RLIN) | 130745 |
| 852 ## - LOCALIZACIÓN | |
| Ubicación | ES-MaACL |
| Número de control de estantería | B-7728-7729 |
| Nota libre | -- Enc. hol. |
| Estatus retirado | Estado de pérdida | Estado de daño | No para préstamo | Colección | Biblioteca de origen | Biblioteca actual | Ubicación en estantería | Fecha de adquisición | Fuente de adquisición | Total de préstamos | Signatura topográfica completa | Código de barras | Visto por última vez | Precio de reemplazo | Tipo de ítem Koha |
|---|---|---|---|---|---|---|---|---|---|---|---|---|---|---|---|
| Libros del s. XIX | Biblioteca del Ateneo de Madrid | Biblioteca del Ateneo de Madrid | Sala Pardo Bazán | 17/01/2008 | B-7728-7729 | 1173475 | 23/02/2023 | 23/02/2023 | Libro impreso antiguo |
